Risk analysis in finance and insurance / (رقم التسجيلة. 26771)
[ عرض عادي ]
| 000 -الفاتح | |
|---|---|
| حقل البيانات ثابتة الطول | 01248cam a22003854a 4500 |
| 001 - رقم الضبط | |
| رقم الضبط | 16915395 |
| 003 - محدد رقم الضبط | |
| رقم الضبط | OSt |
| 005 - وقت وتاريخ اخر تعامل مع التسجيلة | |
| رقم الضبط | 20150408114109.0 |
| 008 - عناصر البيانات ثابتة الطول - معلومات عامة | |
| حقل البيانات ثابتة الطول | 110811s2011 flu 000 0 eng d |
| 010 ## - رقم ضبط مكتبة الكونجرس | |
| رقم ضبط مكتبة الكونجرس | 2011283821 |
| 015 ## - رقم الببليوجرافية الوطنية | |
| رقم الببليوجرافية الوطنية | GBB033742 |
| المصدر | bnb |
| 016 7# - رقم ضبط الوكاله الوطنية للضبط الببليوجرافي | |
| رقم ضبط التسجيلة | 015500015 |
| المصدر | Uk |
| 020 ## - الرقم الدولى المعيارى للكتب | |
| الرقم الدولى المعيارى للكتاب | 9781420070521 (hbk.) |
| 020 ## - الرقم الدولى المعيارى للكتب | |
| الرقم الدولى المعيارى للكتاب | 1420070525 (hbk.) |
| 035 ## - رقم ضبط النظام | |
| رقم ضبط النظام | (OCoLC)ocn540161446 |
| 040 ## - مصدر الفهرسة | |
| وكالة الفهرسة الأصلية | UKM |
| وكالة النسخ | UKM |
| وكالة التعديل | YDXCP |
| -- | BWX |
| -- | CDX |
| -- | IXA |
| -- | DLC |
| 041 1# - رمز اللغة | |
| رمز لغة النص/ المسارات الصوتية أو العنوان الانفرادي | eng |
| رمز لغة الترجمات و/او الاصلية المتوسطة للنص | und |
| 042 ## - رمز التحقق | |
| رمز التحقق | lccopycat |
| 050 00 - رقم طلب مكتبة الكونجرس | |
| رقم التصنيف | HD61 |
| رقم المادة | .M45 2011 |
| 082 04 - رقم تصنيف ديوى العشرى | |
| رقم التصنيف | 368 |
| رقم الطبعة | 22 |
| رقم المادة | MAR |
| 100 1# - المدخل الرئيسى - إسم شخصى | |
| الإسم الشخصى | Melʹnikov, A. V., |
| التواريخ المصاحبة للاسم | 1953- |
| 9 (RLIN) | 19416 |
| 245 10 - بيان العنوان | |
| العنوان | Risk analysis in finance and insurance / |
| بيان المسئوليه,etc | Alexander Melʹnikov. |
| 250 ## - بيان الطبعة | |
| بيان الطبعة | 2nd ed. |
| 260 ## - PUBLICATION, DISTRIBUTION, ETC. (IMPRINT) | |
| مكان الناشر او الموزع | Boca Raton, Fla. : |
| اسم الناشر او الموزع | CRC ; |
| مكان الناشر او الموزع | London : |
| اسم الناشر او الموزع | Taylor & Francis [distributor], |
| تاريخ النشر أو التوزيع | c2011. |
| 300 ## - الوصف المادى | |
| التعداد | x, 318 p. ; |
| أبعاد الوعاء | 24 cm. |
| 490 0# - بيان السلسلة | |
| عنوان السلسلة | Chapman & Hall/CRC monographs and surveys in pure and applied mathematics ; |
| رقم المجلد/ التعيين التسلسلي | 131 |
| 500 ## - تبصرة عامة | |
| تبصرة عامة | Previous ed.: 2004. |
| 546 ## - تبصرة اللغة | |
| تبصرة اللغة | Translated into English. |
| 650 #0 - المدخل الاضافى بالموضوع-مصطلح موضوعى | |
| مصطلح موضوعي أو اسم جغرافي كعنصر مدخل | Risk management. |
| 650 #0 - المدخل الاضافى بالموضوع-مصطلح موضوعى | |
| مصطلح موضوعي أو اسم جغرافي كعنصر مدخل | Finance. |
| 650 #0 - المدخل الاضافى بالموضوع-مصطلح موضوعى | |
| مصطلح موضوعي أو اسم جغرافي كعنصر مدخل | Insurance. |
| 906 ## - عنصر بيانات محلى F, LDF (RLIN) | |
| a | 7 |
| b | cbc |
| c | copycat |
| d | 2 |
| e | ncip |
| f | 20 |
| g | y-gencatlg |
| 942 ## - عناصر المدخل الإضافي( كوها) | |
| مصدر التصنيف او مخطط الترفيف | Dewey Decimal Classification |
| Koha [default] item type | DVD |
| حالة الفقد | نموذج السعر الفعال | حالة تلف | ليس للاعارة | رقم الطلب | تاريخ الاكتساب | الموقع الحالي | الباركود | الفرع الرئيسي | Date last seen | نوع المادة فى نظام كوها | مصدر التصنيف او خطة الترفيف | Total Checkouts |
|---|---|---|---|---|---|---|---|---|---|---|---|---|
| 2013-03-10 | 368 MAR | 2012-12-31 | المكتبة المركزية بالمجمعة (CL) | 00401707 | المكتبة المركزية بالمجمعة (CL) | 2013-03-10 | كتاب | Dewey Decimal Classification | ||||
| 2013-03-10 | 368 MAR | 2013-01-01 | المكتبة المركزية بالمجمعة (CL) | 00401695 | المكتبة المركزية بالمجمعة (CL) | 2013-03-10 | كتاب | Dewey Decimal Classification | ||||
| 2013-03-10 | 368 MAR | 2013-01-01 | المكتبة المركزية بالمجمعة (CL) | 00401696 | المكتبة المركزية بالمجمعة (CL) | 2013-03-10 | كتاب | Dewey Decimal Classification | ||||
| 2013-12-13 | 368 MAR | 2013-12-13 | مكتبة كلية التمريض - طلاب (CNM) | 00453323 | مكتبة كلية التمريض - طلاب (CNM) | 2013-12-13 | كتاب | Dewey Decimal Classification | ||||
| 2013-12-13 | 368 MAR | 2013-12-13 | مكتبة كلية التمريض - طلاب (CNM) | 00453324 | مكتبة كلية التمريض - طلاب (CNM) | 2013-12-13 | كتاب | Dewey Decimal Classification | ||||
| 2013-12-13 | 368 MAR | 2013-12-13 | مكتبة كلية التمريض - طلاب (CNM) | 00453325 | مكتبة كلية التمريض - طلاب (CNM) | 2013-12-13 | كتاب | Dewey Decimal Classification | ||||
| 2013-12-13 | 368 MAR | 2013-12-13 | مكتبة مجمع الكليات بالزلفى - طلاب (SZM) | 00453326 | مكتبة مجمع الكليات بالزلفى - طلاب (SZM) | 2013-12-13 | كتاب | Dewey Decimal Classification | ||||
| 2013-12-13 | 368 MAR | 2013-12-13 | مكتبة مجمع الكليات بالزلفى - طلاب (SZM) | 00453327 | مكتبة مجمع الكليات بالزلفى - طلاب (SZM) | 2013-12-13 | كتاب | Dewey Decimal Classification | ||||
| 2013-12-13 | 368 MAR | 2013-12-13 | مكتبة مجمع الكليات بالزلفى - طلاب (SZM) | 00453328 | مكتبة مجمع الكليات بالزلفى - طلاب (SZM) | 2013-12-13 | كتاب | Dewey Decimal Classification |
